[Event "SVK-chT2C 1314"]
[Site "Slovakia"]
[Date "2014.02.01"]
[Round "7.6"]
[White "Chyla, Jiri"]
[Black "Valuska, Pavel"]
[Result "1/2-1/2"]
[WhiteElo "1973"]
[BlackElo "1976"]
[PlyCount "60"]
[EventDate "2013.10.19"]
[EventType "team-tourn"]
[EventRounds "11"]
[EventCountry "SVK"]
[SourceTitle "EXT 2015"]
[Source "ChessBase"]
[SourceDate "2014.11.20"]
[SourceVersion "1"]
[SourceVersionDate "2014.11.20"]
[SourceQuality "1"]
[WhiteTeam "Jelsava Magnezit"]
[BlackTeam "Zvolen Slavia"]
[WhiteTeamCountry "SVK"]
[BlackTeamCountry "SVK"]

1. d4 d5 2. c4 c6 3. cxd5 cxd5 4. Nc3 a6 5. Nf3 Nc6 6. e3 Nf6 7. Bd3 e6 8. 0-0 Bd6 9. Re1 0-0 10. h3 b5 11. b3 b4 12. Na4 e5 13. dxe5 Nxe5 14. Bb2 Re8 15. Rc1 Nfd7 16. Be2 Bb7 17. Nd4 Rc8 18. Qd2 Nf6 19. Rxc8 Bxc8 20. Rc1 Ne4 21. Qe1 Qh4 22. f4 Qxe1+ 23. Rxe1 Nd7 24. Nf3 Bb7 25. Bd3 Bc6 26. Bd4 Bxa4 27. bxa4 Ndc5 28. Bxc5 Nxc5 29. Bc2 Bc7 30. Kf2 g6 1/2-1/2

[Event "SVK-chT2C 1314"]
[Site "Slovakia"]
[Date "2013.10.19"]
[Round "1.6"]
[White "Chyla, Jiri"]
[Black "Ondras, Michal"]
[Result "1/2-1/2"]
[WhiteElo "1973"]
[BlackElo "1943"]
[PlyCount "39"]
[EventDate "2013.10.19"]
[EventType "team-tourn"]
[EventRounds "11"]
[EventCountry "SVK"]
[SourceTitle "EXT 2015"]
[Source "ChessBase"]
[SourceDate "2014.11.20"]
[SourceVersion "1"]
[SourceVersionDate "2014.11.20"]
[SourceQuality "1"]
[WhiteTeam "Jelsava Magnezit"]
[BlackTeam "Cadca II"]
[WhiteTeamCountry "SVK"]
[BlackTeamCountry "SVK"]

1. d4 Nf6 2. Nf3 g6 3. c4 d6 4. Nc3 Bg7 5. e4 0-0 6. Be2 e5 7. dxe5 dxe5 8. Bg5 Qxd1+ 9. Rxd1 Nc6 10. Bxf6 Bxf6 11. Nd5 Bd8 12. 0-0 Bg4 13. Rfe1 Bxf3 14. Bxf3 Nd4 15. Rd3 c6 16. Nc3 Ba5 17. Red1 Rad8 18. Kf1 Nxf3 19. gxf3 Rxd3 20. Rxd3 1/2-1/2

[Event "SVK-chT2C 1213"]
[Site "Slovakia"]
[Date "2012.12.16"]
[Round "6.7"]
[White "Chyla, Jiri"]
[Black "Murin, Jan1111"]
[Result "1/2-1/2"]
[WhiteElo "1983"]
[BlackElo "1919"]
[PlyCount "52"]
[EventDate "2012.10.13"]
[EventType "team-tourn"]
[EventRounds "11"]
[EventCountry "SVK"]
[SourceTitle "EXT 2015"]
[Source "ChessBase"]
[SourceDate "2014.11.20"]
[SourceVersion "1"]
[SourceVersionDate "2014.11.20"]
[SourceQuality "1"]
[WhiteTeam "Jelsava"]
[BlackTeam "Detva Podpolanie"]
[WhiteTeamCountry "SVK"]
[BlackTeamCountry "SVK"]

1. d4 d5 2. c4 c6 3. e3 Nf6 4. Nf3 g6 5. Nc3 Bg7 6. Bd3 e6 7. 0-0 0-0 8. Re1 Nbd7 9. b3 Qc7 10. Bb2 e5 11. cxd5 Nxd5 12. Nxd5 cxd5 13. Rc1 Qd6 14. dxe5 Nxe5 15. Nxe5 Bxe5 16. Bxe5 Qxe5 17. Be2 Be6 18. Qd4 Qxd4 19. exd4 Rac8 20. Bf3 Rfd8 21. Kf1 Kf8 22. Ke2 Ke7 23. Kd2 Kd6 24. a3 a5 25. Be2 Bd7 26. Bd3 Rc6 1/2-1/2

[Event "SVK-chT2C 1112"]
[Site "Slovakia"]
[Date "2011.12.03"]
[Round "5.6"]
[White "Chyla, Jiri"]
[Black "Ilkovic, Frantisek"]
[Result "1/2-1/2"]
[WhiteElo "1980"]
[BlackElo "1975"]
[PlyCount "84"]
[EventDate "2011.10.08"]
[EventType "team-tourn"]
[EventRounds "11"]
[EventCountry "SVK"]
[SourceTitle "EXT 2013"]
[Source "ChessBase"]
[SourceDate "2012.11.22"]
[SourceVersion "1"]
[SourceVersionDate "2012.11.22"]
[SourceQuality "1"]
[WhiteTeam "Jelsava"]
[BlackTeam "Filakovo"]
[WhiteTeamCountry "SVK"]
[BlackTeamCountry "SVK"]

1. d4 d5 2. c4 c6 3. Nf3 Nf6 4. e3 e6 5. Nc3 Be7 6. Be2 Nbd7 7. 0-0 0-0 8. b3 Re8 9. Bb2 Bf8 10. Qc2 g6 11. Rfd1 a6 12. a4 Bg7 13. h3 b6 14. Rac1 Bb7 15. cxd5 cxd5 16. b4 Rc8 17. Qb3 h6 18. Nb1 Ne4 19. Nbd2 Ndf6 20. Rxc8 Qxc8 21. Rc1 Qb8 22. Nxe4 Nxe4 23. Bd3 Rc8 24. Qd1 Nd6 25. Ne5 Bxe5 26. dxe5 Nc4 27. Bxc4 dxc4 28. Qd4 b5 29. axb5 axb5 30. Rd1 Qc7 31. Bc3 Qc6 32. f3 Qd5 33. Kf2 Ra8 34. Ra1 Rxa1 35. Bxa1 Qxd4 36. exd4 Bd5 37. Ke3 g5 38. g3 Kg7 39. Bc3 Kg6 40. Bd2 Kg7 41. Be1 Kg6 42. Bd2 Kg7 1/2-1/2

[Event "SVK-chT2C 1112"]
[Site "Slovakia"]
[Date "2011.10.08"]
[Round "1.7"]
[White "Chyla, Jiri"]
[Black "Tomcik, Michal"]
[Result "0-1"]
[WhiteElo "1980"]
[BlackElo "1835"]
[PlyCount "36"]
[EventDate "2011.10.08"]
[EventType "team-tourn"]
[EventRounds "11"]
[EventCountry "SVK"]
[SourceTitle "EXT 2013"]
[Source "ChessBase"]
[SourceDate "2012.11.22"]
[SourceVersion "1"]
[SourceVersionDate "2012.11.22"]
[SourceQuality "1"]
[WhiteTeam "Jelsava"]
[BlackTeam "Liptov Chess School II"]
[WhiteTeamCountry "SVK"]
[BlackTeamCountry "SVK"]

1. d4 d5 2. c4 c6 3. cxd5 cxd5 4. Nc3 Nc6 5. Nf3 e6 6. e3 Bd6 7. Bb5 Bd7 8. 0-0 Nge7 9. Re1 a6 10. Bd3 Nb4 11. Bb1 Ng6 12. e4 dxe4 13. Nxe4 Bc6 14. Nxd6+ Qxd6 15. Be3 Nd5 16. Bd3 Ndf4 17. Bxf4 Qxf4 18. Qd2 Bxf3 0-1

[Event "SVK-chT2C 10/11"]
[Site "Slovakia"]
[Date "2011.02.06"]
[Round "7.4"]
[White "Istok, Vojtech"]
[Black "Chyla, Jiri"]
[Result "1/2-1/2"]
[WhiteElo "1920"]
[BlackElo "1989"]
[PlyCount "26"]
[EventDate "2010.10.23"]
[EventType "team-tourn"]
[EventRounds "11"]
[EventCountry "SVK"]
[SourceTitle "EXT 2019"]
[Source "ChessBase"]
[SourceDate "2018.10.10"]
[SourceVersion "1"]
[SourceVersionDate "2018.10.10"]
[SourceQuality "1"]
[WhiteTeam "Banska Bystrica TH Junior "]
[BlackTeam "Jelsava SK Magnezit"]
[WhiteTeamCountry "SVK"]
[BlackTeamCountry "SVK"]

1. d4 d5 2. c4 e6 3. Nf3 Nf6 4. Bg5 Be7 5. e3 Nbd7 6. Nc3 0-0 7. Be2 b6 8. 0-0 Bb7 9. a3 dxc4 10. Bxc4 Ne4 11. Bxe7 Qxe7 12. Nxe4 Bxe4 13. Bd3 Bxd3 1/2-1/2

[Event "SVK-chT2C 0910"]
[Site "Slovakia"]
[Date "2009.11.07"]
[Round "3.4"]
[White "Chyla, Jiri"]
[Black "Milcova, Zuzana"]
[Result "1/2-1/2"]
[WhiteElo "1966"]
[BlackElo "1917"]
[PlyCount "82"]
[EventDate "2009.10.10"]
[EventType "team-tourn"]
[EventRounds "11"]
[EventCountry "SVK"]
[SourceTitle "EXT 2011"]
[Source "ChessBase"]
[SourceDate "2010.11.26"]
[SourceVersion "1"]
[SourceVersionDate "2010.11.26"]
[SourceQuality "1"]
[WhiteTeam "Jelsava"]
[BlackTeam "Martin Medea"]
[WhiteTeamCountry "SVK"]
[BlackTeamCountry "SVK"]

1. d4 d5 2. c4 c6 3. e3 Nf6 4. Nc3 Bg4 5. Qb3 Qb6 6. Qa4 e6 7. a3 Be7 8. Bd3 0-0 9. h3 Bh5 10. Qc2 dxc4 11. Bxc4 Bg6 12. Qe2 Rd8 13. Nf3 Ne4 14. Nxe4 Bxe4 15. 0-0 Nd7 16. Rd1 Nf6 17. Ne5 Bd5 18. Bd3 c5 19. dxc5 Bxc5 20. b4 Bd6 21. Bb2 Qc7 22. Rac1 Qe7 23. Ng4 Nxg4 24. Qxg4 f5 25. Qe2 Qg5 26. f4 Qg6 27. Bc4 Be4 28. Rd2 Be7 29. Rcd1 Rxd2 30. Rxd2 Rc8 31. Bb3 Rd8 32. Rxd8+ Bxd8 33. Bd4 a6 34. Bc4 b5 35. Bb3 Bd5 36. Bxd5 exd5 37. Qc2 Qe6 38. Qc3 Qd7 39. Kf2 Qc7 40. Bc5 Bf6 41. Qd3 Qd7 1/2-1/2

[Event "SVK-chT2C 0809"]
[Site "Slovakia"]
[Date "2008.10.11"]
[Round "1.1"]
[White "Mraz, Martin"]
[Black "Chyla, Jiri"]
[Result "1/2-1/2"]
[WhiteElo "1768"]
[BlackElo "1945"]
[PlyCount "74"]
[EventDate "2008.10.11"]
[EventType "team-tourn"]
[EventRounds "11"]
[EventCountry "SVK"]
[SourceTitle "EXT 2010"]
[Source "ChessBase"]
[SourceDate "2010.11.25"]
[SourceVersion "1"]
[SourceVersionDate "2010.11.25"]
[SourceQuality "1"]
[WhiteTeam "Liptov SK III"]
[BlackTeam "Jelsava Magnezit"]
[WhiteTeamCountry "SVK"]
[BlackTeamCountry "SVK"]

1. e4 c5 2. Nf3 Nc6 3. d4 cxd4 4. Nxd4 Nf6 5. Nc3 d6 6. Bg5 e5 7. Ndb5 a6 8. Na3 b5 9. Nd5 Be7 10. Bxf6 Bxf6 11. c4 b4 12. Nc2 Rb8 13. b3 0-0 14. g3 g6 15. h4 h5 16. Bg2 Bg7 17. 0-0 Be6 18. Qe2 a5 19. Kh2 Kh7 20. Bh3 Bxh3 21. Kxh3 Rb7 22. Nde3 Nd4 23. Qd3 Qe7 24. Nxd4 exd4 25. Nc2 Qe6+ 26. Kg2 Re7 27. Rfe1 Qf6 28. Rad1 Rfe8 29. Qxd4 Qxd4 30. Nxd4 Rxe4 31. Rxe4 Rxe4 32. Nc6 Re2 33. Rxd6 Rxa2 34. Rd5 a4 35. bxa4 b3 36. Rb5 Rxa4 37. Rxb3 Rxc4 1/2-1/2

[Event "SVK-chT2C 0607"]
[Site "Slovakia"]
[Date "2007.03.17"]
[Round "10.3"]
[White "Chyla, Jiri"]
[Black "Dibala, Radovan"]
[Result "1/2-1/2"]
[WhiteElo "1937"]
[BlackElo "2049"]
[PlyCount "50"]
[EventDate "2006.10.14"]
[EventType "team-tourn"]
[EventRounds "11"]
[EventCountry "SVK"]
[SourceTitle "EXT 2019"]
[Source "ChessBase"]
[SourceDate "2018.10.10"]
[SourceVersion "1"]
[SourceVersionDate "2018.10.10"]
[SourceQuality "1"]
[WhiteTeam "Jelsava Magnezit"]
[BlackTeam "Martin MSK"]
[WhiteTeamCountry "SVK"]
[BlackTeamCountry "SVK"]

1. d4 Nf6 2. c4 g6 3. Nc3 Bg7 4. e4 d6 5. Nf3 0-0 6. h3 e5 7. dxe5 dxe5 8. Bg5 Qxd1+ 9. Rxd1 Be6 10. Bxf6 Bxf6 11. Nd5 Bxd5 12. cxd5 Rd8 13. Bc4 Nd7 14. 0-0 Be7 15. g4 Kg7 16. Kg2 a6 17. Bb3 h6 18. a3 Bd6 19. Nd2 g5 20. Rfe1 Nf8 21. Nf1 Ng6 22. Ne3 Nh4+ 23. Kg3 Rac8 24. Nf5+ Nxf5+ 25. gxf5 f6 1/2-1/2

[Event "SVK-chT2C 0607"]
[Site "Slovakia"]
[Date "2006.11.26"]
[Round "4.3"]
[White "Zbirka, Peter"]
[Black "Chyla, Jiri"]
[Result "1-0"]
[WhiteElo "2006"]
[BlackElo "1937"]
[PlyCount "87"]
[EventDate "2006.10.14"]
[EventType "team-tourn"]
[EventRounds "11"]
[EventCountry "SVK"]
[SourceTitle "EXT 2008"]
[Source "ChessBase"]
[SourceDate "2007.11.25"]
[SourceVersion "1"]
[SourceVersionDate "2007.11.25"]
[SourceQuality "1"]
[WhiteTeam "Podbrezova ZP Sport"]
[BlackTeam "Jelsava Magnezit"]
[WhiteTeamCountry "SVK"]
[BlackTeamCountry "SVK"]

1. e4 c5 2. Nf3 Nc6 3. d4 cxd4 4. Nxd4 Nf6 5. Nc3 d6 6. f3 Bd7 7. Be3 a6 8. Qd2 Rc8 9. 0-0-0 e6 10. g4 b5 11. g5 Nh5 12. f4 b4 13. Nce2 Qa5 14. Kb1 d5 15. Nb3 Qc7 16. exd5 Na5 17. Nxa5 Qxa5 18. Bg2 Be7 19. Bf3 g6 20. Qd4 Rg8 21. Bxh5 gxh5 22. d6 Bf8 23. Ng3 Bg7 24. Qb6 Qa4 25. b3 Qc6 26. Qxc6 Bxc6 27. Nxh5 Kd7 28. Rhf1 Be4 29. Rf2 Bd5 30. Bd4 Bh8 31. Bxh8 Rxh8 32. f5 Kxd6 33. fxe6 fxe6 34. Nf6 a5 35. Rfd2 Ra8 36. Nxd5 exd5 37. Rxd5+ Ke6 38. Rb5 Rab8 39. Rdd5 Rxb5 40. Rxb5 Ra8 41. Kb2 Kd6 42. a3 Kc6 43. Rf5 Kb6 44. h4 1-0

[Event "SVK-chT2C 0506"]
[Site "Slovakia"]
[Date "2006.03.12"]
[Round "11"]
[White "Chyla, Jiri"]
[Black "Tvrdon, Peter"]
[Result "0-1"]
[WhiteElo "1992"]
[BlackElo "2026"]
[PlyCount "82"]
[EventDate "2005.10.22"]
[EventType "team-tourn"]
[EventRounds "11"]
[EventCountry "SVK"]
[SourceTitle "EXT 2009"]
[Source "ChessBase"]
[SourceDate "2008.11.26"]
[SourceVersion "1"]
[SourceVersionDate "2008.11.26"]
[SourceQuality "1"]

1. d4 Nf6 2. c4 g6 3. Nc3 Bg7 4. e4 d6 5. h3 0-0 6. Nf3 e5 7. d5 Nbd7 8. Bd3 Nc5 9. Bc2 a5 10. 0-0 Ne8 11. Bg5 f6 12. Be3 f5 13. Bg5 Bf6 14. Bxf6 Qxf6 15. a3 fxe4 16. Nxe4 Nxe4 17. Bxe4 a4 18. b4 axb3 19. Qxb3 b6 20. a4 Qf4 21. Qc2 Nf6 22. Nd2 Nxe4 23. Nxe4 Bf5 24. f3 Qe3+ 25. Kh2 Bxe4 26. fxe4 Rxf1 27. Rxf1 Rf8 28. Rxf8+ Kxf8 29. Kh1 Ke7 30. Kh2 Kf6 31. g3 Ke7 32. Kg2 Kd8 33. h4 h5 34. Kh3 Kc8 35. a5 Qf3 36. axb6 cxb6 37. Qg2 Qxg2+ 38. Kxg2 Kb7 39. Kf2 Ka6 40. Ke2 Ka5 41. Kd2 Kb4 0-1

[Event "SVK-chT2 0304"]
[Site "Slovakia"]
[Date "2004.??.??"]
[Round "10"]
[White "Marsina, Stefan"]
[Black "Chyla, Jiri"]
[Result "1/2-1/2"]
[WhiteElo "2067"]
[BlackElo "2015"]
[PlyCount "96"]
[EventDate "2003.10.??"]
[EventType "team"]
[EventRounds "11"]
[EventCountry "SVK"]
[SourceTitle "EXT 2006"]
[Source "ChessBase"]
[SourceDate "2005.11.24"]
[SourceVersion "1"]
[SourceVersionDate "2005.11.24"]
[SourceQuality "1"]

1. c4 Nf6 2. Nc3 d5 3. cxd5 Nxd5 4. d4 e6 5. e4 Nf6 6. Nf3 Be7 7. Bd3 Nbd7 8. 0-0 0-0 9. Qe2 Re8 10. e5 Nd5 11. Qe4 Nf8 12. h4 f5 13. exf6 Bxf6 14. Re1 c6 15. Bg5 Bd7 16. Ne2 Qe7 17. Ng3 Qf7 18. Rad1 Kh8 19. a3 a5 20. Ne5 Bxe5 21. Qxe5 b5 22. Ne4 Ng6 23. Qg3 Reb8 24. Nd6 Qf8 25. Re4 b4 26. a4 b3 27. Rg4 Nge7 28. Qe5 Nf5 29. Bxf5 exf5 30. Rg3 f4 31. Rgd3 Re8 32. Nxe8 Rxe8 33. Be7 Rxe7 34. Qh5 g6 35. Qf3 Qe8 36. Rxb3 Re1+ 37. Rxe1 Qxe1+ 38. Kh2 Qe7 39. g3 fxg3+ 40. fxg3 Nf6 41. Rb7 Qe6 42. Ra7 Kg7 43. Rxa5 Ng4+ 44. Kg2 Qe1 45. Ra8 Qd2+ 46. Kg1 Qe1+ 47. Kg2 Qd2+ 48. Kg1 Qe1+ 1/2-1/2

[Event "SVK-Cup12 sf4 corr"]
[Site "Slovakia"]
[Date "2000.07.??"]
[Round "?"]
[White "Chyla, Jiri"]
[Black "Vrana, Lubomir"]
[Result "0-1"]
[WhiteElo "1986"]
[BlackElo "2102"]
[PlyCount "48"]
[EventDate "2000.07.??"]
[EventType "tourn (corr)"]
[EventRounds "12"]
[EventCountry "SVK"]
[SourceTitle "Corr 2004"]
[Source "ChessBase"]
[SourceDate "2003.04.28"]
[SourceVersion "3"]
[SourceVersionDate "2003.04.28"]
[SourceQuality "1"]

1. d4 Nf6 2. c4 g6 3. Nc3 Bg7 4. e4 d6 5. Bd3 c5 6. d5 0-0 7. Nf3 Bg4 8. h3 Bxf3 9. Qxf3 Nbd7 10. Qe2 Nb6 11. 0-0 Nfd7 12. f4 e6 13. Nb5 Qe7 14. Be3 Na4 15. Rab1 a6 16. Na3 exd5 17. exd5 Bxb2 18. Bc1 Qxe2 19. Bxe2 Bxa3 20. Bxa3 Nc3 21. Rb2 Nxe2+ 22. Rxe2 b5 23. Re7 Nb6 24. Bb2 Rfe8 0-1